000 00644cam a2200193 a 4500
020 _a9780896291898 (alk. paper)
040 _cDLC
082 0 0 _a338 INT 2011 C145 Or.
245 0 0 _aImpact of Uganda's National Agricultural Advisory Services Program /
260 _aWashington, D.C. :
_bInternational Food Policy Research Institute,
_cc2011.
300 _axxv, 164 p. :
_bill. ;
_c23 cm.
490 1 _aIFPRI research monograph
650 0 _aAgricultural extension work
650 0 _aAgriculture and state
650 0 _aRural development
700 1 _aBenin, S.
710 2 _aInternational Food Policy Research Institute.
942 _cAEDBB
999 _c18446
_d18446